00978nam a2200265 u 450000100070000000500170000700800410002403500110006503500210007604000130009704100080011008000070011808200080012510000370013324500890017026000560025930000180031550501120033365000490044565000270049465000510052165000470057265000370061970000560065686424820260506152505.0040301e20030201 spa  a864248 a(OCoLC)777878309 ccomduadb aspa aB/ 4a98610aRico B., Gabriel Jaime4auteaut13aLa Medellín que soñamos : tiempo, espacio, ser sistémico, gestión, posguerra aMedellín :bCorporacion Cultural Milenios,c2003. a206 páginas aCONTENIDO: 1. Tiempo -- 2. Espacio -- 3. Ser sistémico -- 4. Gestión -- 5. Posguerra -- Bibliografía. aDesarrollo económico y social - Medellín 7aDesarrollo humano2dcs 7aDesarrollo urbanozMedellín (Colombia)2lemb aMedellín (Antioquia) - Política social 7aAdministración pública2lemb10aSánchez Zuluaga, Uriel Hernando,d1971-4edteedt